000 00284nam a2200133Ia 4500
100 _aHunt/R/ Shelley/J
942 _cBK
654 _aComputers
245 _aComputers & Commonsense
260 _bPrentice-hall
_aNEW DELHI
_c1982
300 _a169
546 _aENGLISH
999 _c34037
_d34037